Les 65 pays dont la dernière lettre est une consonne - Statistiques

Statistiques générales
  • Ce quiz a été pris 104 fois
    102 depuis la dernière actualisation
  • Le résultat moyen est 48 sur 65
Statistiques - réponses
Réponses % Correct
Portugal
92%
États-Unis
90%
Pakistan
90%
Afrique du Sud
88%
Irak
87%
Iran
87%
Japon
87%
Oman
87%
Ouzbékistan
86%
Israël
85%
Turkménistan
85%
Yémen
83%
Afghanistan
82%
Corée du Nord
82%
Corée du Sud
82%
Laos
82%
Soudan
82%
Maroc
81%
Tadjikistan
81%
Brésil
79%
Danemark
79%
Kazakhstan
78%
Kirghizistan
78%
Azerbaïdjan
77%
Soudan du Sud
77%
Viêt Nam
77%
Koweït
76%
Liban
76%
Liechtenstein
76%
Madagascar
76%
Pays-Bas
76%
Luxembourg
74%
Qatar
74%
Émirats Arabes Unis
73%
Saint-Marin
73%
Sénégal
73%
Vatican
73%
Bénin
72%
Cap-Vert
72%
Îles Marshall
72%
Niger
72%
Bhoutan
71%
Seychelles
71%
Népal
69%
Saint-Vincent-et-les-Grenadines
69%
Tchad
69%
Comores
67%
Équateur
67%
Bahreïn
65%
Cameroun
65%
Salvador
65%
Bangladesh
64%
Gabon
64%
Îles Salomon
64%
Singapour
64%
Taïwan
64%
Bahamas
63%
Honduras
63%
Maldives
62%
Saint-Christophe-et-Niévès
62%
Macédoine du Nord
59%
Palaos
56%
Philippines
56%
Timor Oriental
50%
Myanmar
28%
Aucun quiz correspondant
Distribution des résultats
% des personnes avec chaque résultat
Percentile par nombre de réponses
Votre historique - résultats
Vous n’avez pas pris ce quiz depuis la dernière actualisation